Geografické aspekty maloobchodnej siete mesta Nitra
Enregistré dans:
| Auteur principal: | |
|---|---|
| Format: | Livre |
| Langue: | slovaque |
| Publié: |
Nitra
Fakulta prírodných vied Univerzity Konštantína Filozofa v Nitre
2012
|
| Collection: | Prírodovedec
503 |
| Sujets: | |
| Tags: |
Pas de tags, Soyez le premier à ajouter un tag!
|
MARC
| LEADER | 00000nam a2200000 4500 | ||
|---|---|---|---|
| 001 | 0182644 | ||
| 005 | 20240314094320.2 | ||
| 020 | |a 978-80-558-0105-6 | ||
| 041 | 0 | |a slo | |
| 044 | |a SK | ||
| 245 | 1 | 0 | |a Geografické aspekty maloobchodnej siete mesta Nitra |c Miroslava Trembošová |
| 264 | 1 | |a Nitra |b Fakulta prírodných vied Univerzity Konštantína Filozofa v Nitre |c 2012 | |
| 300 | |a 157 s. | ||
| 490 | 1 | |a Prírodovedec |v 503 | |
| 830 | 0 | |a Prírodovedec |v 503 | |
| 610 | 2 | 0 | |a siete maloobchodné |
| 610 | 2 | 0 | |a maloobchod |
| 610 | 2 | 0 | |a štruktúra obyvateľstva |
| 610 | 2 | 0 | |a zamestnanosť |
| 100 | 1 | |a Trembošová, Miroslava | |